| 000 | 00457nam a22001457a 4500 | ||
|---|---|---|---|
| 020 | _a969-417-057-5 | ||
| 082 |
_a621.3 _bAMI _cDonation |
||
| 100 |
_aDr. Amin Muhammad _941040 |
||
| 245 |
_aShort circuit study of power system network _cDr. Muhammad Amin |
||
| 260 |
_aIslamabad, Pakistan _bUniversity Grants Commission Islamabad, Pakistan _c1998 |
||
| 300 | _a123.p: | ||
| 526 |
_a0 _b0 _c0 _d621_300000000000000_AMI |
||
| 650 |
_aMCE _9379 |
||
| 942 |
_2ddc _cBK |
||
| 999 |
_c545242 _d545242 |
||